000 00220nam a22000857a 4500
008 160706b xxu||||| |||| 00| 0 eng d
100 _92302
_a Limaye, M
245 _aDear Popat
260 _aNew Delhi
_bNational Book Trust
_c1996
999 _c1983
_d1983